Cena Dominika Tatarku

Bibliographic Details
Format: Article
Language:Slovak
ISSN:1335-6976
Subjects:

MARC

LEADER 00000nab a2200000 a 4500
001 vtls000799485
003 SK-MaSNL
005 20260302155609.0
008 140507c2002 xo 0 slo
015 |a SNBRB2002/07-22207 
035 |a CLN000151140 
040 |a SNKBUCL  |b slo  |c SNKBUCL  |e AACR2 
041 0 |a slo 
044 |a xo  |c SK 
080 |a 82:061.7  |2 1997 
080 |a 885.4:061.7  |2 1997 
245 0 0 |a Cena Dominika Tatarku  |c [autor] (red) 
650 0 7 |a Cena Dominika Tatarku (ocenenie)  |y 2001  |2 snkbucl  |9 23193 
650 0 7 |a literárne ceny  |y za r. 2001  |2 snkbucl  |9 21837 
655 7 |a články z novín a časopisov  |2 snkbucl  |9 267496 
773 0 |t Kultúrny život  |g Roč. 3, č. 25-26 (2002), s. 3  |x 1335-6976 
850 |a Slovenská národná knižnica v Martine 
852 |a SNK  |b KIS3GCP 
958 |a LX 
958 |a SK 
992 |a RBX 
999 |c 1371987  |d 1373917